000 00515nam a22001697a 4500
005 20251108175113.0
008 250721s2004 xx 000 0 ara d
082 1 4 _a973.928/فقي
100 1 _aفقيه، شادي
245 1 0 _aبوش و يوم الرب العظيم /
264 1 _aبيروت :
_bدار العلم للطباعة والنشر والتوزيع،
_c2004.
300 _a216ص.
650 1 7 _aالتاريخ
650 1 7 _aالولايات المتحدة
942 _2ddc
_cBK
999 _c126249
_d126249